|
|
|
|
| LEADER |
00000nas a2200000 a 4500 |
| 001 |
vtls001352869 |
| 003 |
SK-MaSNL |
| 005 |
20260228155738.0 |
| 008 |
240125s1994 xo 0 und c |
| 035 |
|
|
|a SNK000306262
|
| 040 |
|
|
|a SNK
|b slo
|c SNK
|e AACR2
|
| 041 |
0 |
|
|a slo
|
| 044 |
|
|
|a xo
|c SK
|
| 072 |
|
7 |
|a 796
|x Šport. Hry. Telesné cvičenia
|2 konspekt
|
| 072 |
|
7 |
|a 339
|x Obchod
|2 konspekt
|
| 072 |
|
7 |
|a 658
|x Riadenie a správa podniku
|2 konspekt
|
| 080 |
|
|
|a 796.5
|2 2011
|
| 080 |
|
|
|a 339
|2 2011
|
| 080 |
|
|
|a 351.824
|2 2011
|
| 080 |
|
|
|a 314/316(051)
|2 2011
|
| 080 |
|
|
|a 080
|2 2011
|
| 245 |
0 |
0 |
|a Top magazín
|b turistika, obchod, podnikanie
|
| 260 |
|
|
|a Žilina
|b Informačné centrum podnikateľov
|c [1994]
|
| 300 |
|
|
|a 1 zv.
|c cm
|
| 310 |
|
|
|a 1x ročne
|
| 362 |
0 |
|
|a Č. 1 [1994]
|z SKP
|
| 650 |
0 |
7 |
|a turistika
|2 SNKPH
|9 683
|
| 650 |
0 |
7 |
|a obchod
|2 SNKPH
|9 2198
|
| 650 |
0 |
7 |
|a podnikanie
|2 SNKPH
|9 1757
|
| 655 |
|
7 |
|a spoločenské časopisy
|2 SNKPH
|9 70515
|
| 770 |
0 |
|
|t Bonusová knižka
|
| 910 |
|
|
|a snk
|
| 999 |
|
|
|c 402
|d 402
|
| 952 |
|
|
|0 0
|1 0
|4 0
|7 0
|a SNK
|b SNK
|d 1999-01-19
|l 0
|o snkČSB 4672/1994 D1
|p 17A0176673
|r 2005-01-02 00:00:00
|w 2026-02-21
|y PREZ
|